Nenávidím

Bibliographic Details
Main Author: Fabry, Rudolf, 1915-1982 (Author)
Format: Article
Language:Slovak
Subjects:

MARC

LEADER 00000nab a2200000 a 4500
001 vtls000373883
003 SK-MaSNL
005 20260304013920.0
008 241209c1990 xo 0 slo
015 |a SNBRB19rr/mm-uuuuu 
035 |a CL0374005 
040 |a SNKBUCL  |b slo  |c SNKBUCL  |e AACR2 
041 0 |a slo 
044 |a xo  |c SK 
080 |a 885.4-1  |2 1981 
100 1 |a Fabry, Rudolf,  |d 1915-1982  |4 aut  |9 108094 
245 1 0 |a Nenávidím  |c Rudolf Fabry 
500 |a Úv. báseň zo zbierky Nad hviezdami smrti vánok (Bratislava, Slovenský spisovateľ 1969). 
655 7 |a slovenská poézia  |2 snkbucl  |9 70444 
655 7 |a články z novín a časopisov  |2 snkbucl  |9 267496 
655 7 |a články z odboru literárna veda a krásna literatúra  |2 snkbucl  |9 770045 
773 0 |t Život  |g Roč. 40, č. 6 (1990), s. 27 
850 |a Slovenská národná knižnica 
852 |a Slovenská národná knižnica 
958 |a RK 
958 |a LX 
992 |a RBX 
999 |c 2579395  |d 2581325